Программно-аппаратный комплекс для оценки механического состояния скользящих контактов коллекторных машин электроприводов; Известия Томского политехнического университета [Известия ТПУ]; Т. 307, № 1
| Parent link: | Известия Томского политехнического университета [Известия ТПУ]/ Томский политехнический университет (ТПУ).— , 2000- Т. 307, № 1.— 2004.— [С. 140-144] |
|---|---|
| Autor Principal: | |
| Outros autores: | , |
| Summary: | Заглавие с титульного листа Электронная версия печатной публикации Рассмотрены вопросы разработки программно-аппаратного диагностического комплекса для оценки механического состояния скользящих контактов электродвигателей. Показано, что автоматизация процесса измерения и применение цифровых методов обработки информации позволяет повысить точность измерения путем устранения систематических погрешностей процесса измерения. |
| Idioma: | ruso |
| Publicado: |
2004
|
| Series: | Технические науки |
| Subjects: | |
| Acceso en liña: | http://www.lib.tpu.ru/fulltext/v/Bulletin_TPU/2004/v307/i1/28.pdf |
| Formato: | Electrónico Capítulo de libro |
| KOHA link: | https://koha.lib.tpu.ru/cgi-bin/koha/opac-detail.pl?biblionumber=168527 |
MARC
| LEADER | 00000nla2a2200000 4500 | ||
|---|---|---|---|
| 001 | 168527 | ||
| 005 | 20231031163128.0 | ||
| 035 | |a (RuTPU)RU\TPU\book\182840 | ||
| 035 | |a RU\TPU\book\182839 | ||
| 090 | |a 168527 | ||
| 100 | |a 20091028d2004 k y0rusy50 ca | ||
| 101 | 0 | |a rus | |
| 102 | |a RU | ||
| 135 | |a drnn ---uucaa | ||
| 181 | 0 | |a i | |
| 182 | 0 | |a b | |
| 200 | 1 | |a Программно-аппаратный комплекс для оценки механического состояния скользящих контактов коллекторных машин электроприводов |b Электронный ресурс |f С. И. Качин, Ю. С. Боровиков, М. А. Нечаев | |
| 203 | |a Текст |c электронный | ||
| 215 | |a 1 файл (895 Кб) | ||
| 225 | 1 | |a Технические науки | |
| 230 | |a Электронные текстовые данные (1 файл : 895 Кб) | ||
| 300 | |a Заглавие с титульного листа | ||
| 300 | |a Электронная версия печатной публикации | ||
| 320 | |a [Библиогр.: с. 144 (8 назв.)] | ||
| 330 | |a Рассмотрены вопросы разработки программно-аппаратного диагностического комплекса для оценки механического состояния скользящих контактов электродвигателей. Показано, что автоматизация процесса измерения и применение цифровых методов обработки информации позволяет повысить точность измерения путем устранения систематических погрешностей процесса измерения. | ||
| 337 | |a Adobe Reader | ||
| 461 | 1 | |0 (RuTPU)RU\TPU\book\176237 |t Известия Томского политехнического университета [Известия ТПУ] |f Томский политехнический университет (ТПУ) |d 2000- | |
| 463 | 1 | |0 (RuTPU)RU\TPU\book\182748 |t Т. 307, № 1 |v [С. 140-144] |d 2004 |p 203 с. | |
| 610 | 1 | |a программно-аппаратные комплексы | |
| 610 | 1 | |a механическое состояние | |
| 610 | 1 | |a скользящие контакты | |
| 610 | 1 | |a коллекторные машины | |
| 610 | 1 | |a электроприводы | |
| 610 | 1 | |a разработки | |
| 610 | 1 | |a диагностические комплексы | |
| 610 | 1 | |a электродвигатели | |
| 610 | 1 | |a процессы | |
| 610 | 1 | |a измерение | |
| 610 | 1 | |a применение | |
| 610 | 1 | |a цифровые методы | |
| 610 | 1 | |a обработка информации | |
| 610 | 1 | |a систематические погрешности | |
| 610 | 1 | |a труды учёных ТПУ | |
| 610 | 1 | |a электронный ресурс | |
| 610 | 1 | |a автоматизация | |
| 700 | 1 | |a Качин |b С. И. |c специалист в области электротехники |c профессор Томского политехнического университета, доктор технических наук |f 1954- |g Сергей Ильич |2 stltpush |3 (RuTPU)RU\TPU\pers\26829 | |
| 701 | 1 | |a Боровиков |b Ю. С. |c специалист в области электроэнергетики |c проректор-директор Энергетического института Томского политехнического университета, кандидат технических наук |f 1978- |g Юрий Сергеевич |2 stltpush |3 (RuTPU)RU\TPU\pers\27067 | |
| 701 | 1 | |a Нечаев |b М. А. |c специалист в области электротехники |c старший преподаватель Томского политехнического университета |f 1977- |g Михаил Анатольевич |2 stltpush |3 (RuTPU)RU\TPU\pers\27732 |4 070 | |
| 801 | 1 | |a RU |b 63413507 |c 20090623 |g PSBO | |
| 801 | 2 | |a RU |b 63413507 |c 20210527 |g PSBO | |
| 856 | 4 | |u http://www.lib.tpu.ru/fulltext/v/Bulletin_TPU/2004/v307/i1/28.pdf | |
| 942 | |c CF | ||